| 000 | 00969cab a22002415a 4500 | ||
|---|---|---|---|
| 001 | L159023 | ||
| 008 | 151209e20151121xxk 000 0 eng d | ||
| 035 | _a(Sirsi) u159023 | ||
| 041 | 0 | _aeng | |
| 100 | 1 | _aVaughan, Julie | |
| 245 | 0 | 0 | _aBrexit stage left |
| 260 | _c2015 | ||
| 490 |
_aEstates Gazette _v(1546) 21 November 2015, 104-106(3) |
||
| 520 | _aConsiders the possible legal impact of a UK exit from the European Union. Includes information about environmental law, asset management regulation, consumer regulations and data protection. It is certain that different areas across the real estate industry would be affected in some way but in such a diverse community change will affect each one in materially different ways. | ||
| 590 | _aKA | ||
| 651 | 4 | _aUnited Kingdom | |
| 690 |
_aProperty management _96262 |
||
| 690 |
_aEnvironment _96238 |
||
| 700 | 1 | _aDissanayake, Nish | |
| 700 | 1 | _aPantlin, Nick | |
| 700 | 1 | _aEverett, Miriam | |
| 942 | _n0 | ||
| 999 |
_c84778 _d84778 |
||